| 000 | 01120cam a2200301 i 4500 | ||
|---|---|---|---|
| 001 | 768714001 | ||
| 003 | CO-MdFUSB | ||
| 005 | 20230615140456.0 | ||
| 007 | ta | ||
| 008 | 171011t1993 ck ||||| |||| 00| 0 spa d | ||
| 020 | _a958-9359-00-0 | ||
| 040 |
_aCO-MdFUSB _bspa _cCO-MdFUSB _dCO-MdFUSBC _erda |
||
| 041 | 0 | _aspa | |
| 082 | 0 | 4 |
_223 _aG 224.95 _bM912h |
| 100 | 1 |
_aMosquera Brand, Fernando A. (Abilio) _eautor |
|
| 245 | 1 | 3 |
_aEl interpelador de Yahweh _b : Habacuc. Un comentario exegético y explicativo _c/ Fernando A. Mosquera B. |
| 264 | 1 |
_aBogotá, Colombia : _bAcción Internacional, _c[1993] |
|
| 264 | 4 | _c©1993 | |
| 300 |
_a165 páginas _c; 21 cm |
||
| 336 |
_2rdacontent _atexto _btxt |
||
| 337 |
_2rdamedia _asin mediación _bn |
||
| 338 |
_2rdacarrier _avolumen _bnc |
||
| 505 | _aIntroducción a la profecía -- El medio oriente durante la dominación de Asiria y Babilónica -- Exégesis y comentario del libro de Habacuc -- Habacuc una perspectiva pastoral latinoamericana | ||
| 563 | _aRustico | ||
| 630 | 0 | 7 |
_aBiblia. _pHabacuc _xCrítica, interpretación, etc. |
| 942 | _cBK | ||
| 945 | _aMag1104 | ||
| 999 |
_c33292 _d33292 |
||